Welcome to CU Library Online Public Access Catalogue (OPAC)

SHAPING UP YOUR ENGLISH (Record no. 1455)

MARC details
000 -LEADER
fixed length control field 00402nam a22001577a 4500
005 - DATE AND TIME OF LATEST TRANSACTION
control field 20241122160017.0
008 - FIXED-LENGTH DATA ELEMENTS--GENERAL INFORMATION
fixed length control field 241122b |||||||| |||| 00| 0 eng d
020 ## - INTERNATIONAL STANDARD BOOK NUMBER
International Standard Book Number 9780205169061
050 ## - LIBRARY OF CONGRESS CALL NUMBER
Classification number PE1413
Item number .W517 WEL
100 ## - MAIN ENTRY--PERSONAL NAME
Personal name WELLINGTON, PAT
245 ## - TITLE STATEMENT
Title SHAPING UP YOUR ENGLISH
260 ## - PUBLICATION, DISTRIBUTION, ETC.
Place of publication, distribution, etc. BOSTON
Name of publisher, distributor, etc. ALLYN AND BACON
Date of publication, distribution, etc. c1995
300 ## - PHYSICAL DESCRIPTION
Extent xii, 292p
500 ## - GENERAL NOTE
General note includes index
942 ## - ADDED ENTRY ELEMENTS (KOHA)
Source of classification or shelving scheme Library of Congress Classification
Koha item type Books
Suppress in OPAC No
999 ## -
-- 1455
-- 1455
Holdings
Withdrawn status Lost status Source of classification or shelving scheme Damaged status Not for loan Collection Home library Current library Date acquired Total checkouts Full call number Barcode Date last seen Copy number Price effective from Koha item type
    Library of Congress Classification     Non-fiction Undergraduate Library (Christ Temple) Undergraduate Library (Christ Temple) 11/22/2024   PE1413.W517 WEL ulct00000355 11/22/2024 1 11/22/2024 Books
© 2023-2024 Copyright: Central University Libraries. All Rights Reserved | Created by: Mahone Tech Office